Statistics for Countries Brazil Declared War On

Click here to take the quiz!

General Stats

  • This quiz has been taken 140 times
  • The average score is 22 of 26

Answer Stats

YearWarCountry% Correct
1942World War llGermany
98%
1917World War lGermany
98%
1942World War llJapan
96%
1825Cisplatine WarArgentina
95%
1851Platine WarArgentina
95%
1825Invasion of ChiquitosArgentina
95%
1864---------- WarParaguay
95%
1822Independence WarPortugal
95%
1917World War lAustria-Hungary
93%
1899Acre WarBolivia
93%
1825Invasion of ChiquitosBolivia
93%
1825Invasion of ChiquitosColombia
93%
1942World War llItaly
93%
1864--------- WarUruguay
91%
1895Intrusion in AmapáFrance
89%
1961Lobster WarFrance
89%
1862Christie QuestionUnited Kingdom
86%
1850Paranaguá WarUnited Kingdom
86%
1893Trinidad ConflictUnited Kingdom
86%
1942World War llRomania
84%
1942World War llBulgaria
83%
1917World War lBulgaria
83%
1917World War lOttoman Empire
80%
1942World War llHungary
79%
1942World War llFinland
53%
1965--------- Civil WarDominican Republic
25%

Score Distribution

Percentile by Number Answered

Percent of People with Each Score

Your Score History

You have not taken this quiz